00465 2200181 4500001002100000005001500021008004100036020001800077035001900095041000700114082000800121090001400129100001900143245004600162250001000208260003800218300002700256INLIS00000000001288920241224114442241224||||||||| | ||| |||| || |  a979-610=190-4 0010-1224012889 aid0 a370 a370 SUN p0 aDanang Sunyoto00apanduan kewirausahaan untuk smk tingkat 2 aCet.1 aJakartabpt ustak widyatamac2008 a56 hlm,; 21 cm x 28 cm